Problemática de la sexualidad (Record no. 65526)

MARC details
000 -LEADER
campo de control de longitud fija 00654nam a2200193 i 4500
001 - NÚMERO DE CONTROL
campo de control 65526
003 - IDENTIFICADOR DE NÚMERO DE CONTROL
campo de control ES-MaACL
005 - FECHA Y HORA DE LA ÚLTIMA TRANSACCIÓN
campo de control 20230906165406.0
007 - CAMPO FIJO DE DESCRIPCIÓN FÍSICA--INFORMACIÓN GENERAL
campo de control de longitud fija t|
008 - DATOS DE LONGITUD FIJA--INFORMACIÓN GENERAL
campo de control de longitud fija 040115s1966 sp ||||1| spa d
100 1# - ENTRADA PRINCIPAL--NOMBRE DE PERSONA
Nombre de persona Fried, Edrita.
9 (RLIN) 52604
245 10 - MENCIÓN DEL TÍTULO
Título Problemática de la sexualidad
Resto del título : psicopatología del amor y personalidad /
Mención de responsabilidad, etc. Edrita Fried ; versión por Alfredo Guerra Miralles.
250 ## - MENCION DE EDICION
Mención de edición [1ª ed.].
260 ## - PUBLICACIÓN, DISTRIBUCIÓN, ETC.
Lugar de publicación, distribución, etc. Madrid :
Nombre del editor, distribuidor, etc. Morata,
Fecha de publicación, distribución, etc. [1966]
300 ## - DESCRIPCIÓN FÍSICA
Extensión VIII, 342 p. ;
Dimensiones 22 cm.
500 ## - NOTA GENERAL
Nota general En blanco las p. 122, 123, 126, 127, 130, 131, 134 y 135.
700 1# - ENTRADA AGREGADA--NOMBRE PERSONAL
Nombre de persona Guera Miralles, Alfredo.
9 (RLIN) 60449
852 ## - LOCALIZACIÓN
Ubicación ES-MaACL
Número de control de estantería C-29762
Sublocalización o colección R.60360
Holdings
Estatus retirado Estado de pérdida Estado de daño No para préstamo Biblioteca de origen Biblioteca actual Ubicación en estantería Fecha de adquisición Fuente de adquisición Total de préstamos Signatura topográfica completa Código de barras Visto por última vez Precio de reemplazo Tipo de ítem Koha
        Biblioteca del Ateneo de Madrid Biblioteca del Ateneo de Madrid Depósito 2 17/01/2008     C-29762 1068652 23/02/2023 23/02/2023 Libro impreso